Statistics for World best cities for public transport

Click here to take the quiz!

General Stats

  • This quiz has been taken 104 times
  • The average score is 13 of 19

Answer Stats

Answer% Correct
11.London
98%
15.New York
93%
14.Paris
92%
3.Tokyo
92%
1.Berlin
91%
18.Beijing
88%
12.Madrid
86%
9.Shanghai
84%
10.Amsterdam
82%
5.Stockholm
77%
17.Chicago
72%
7.Hongkong
71%
4.Copenhagen
68%
6.Singapore
67%
8.Taipei
52%
2.Prague
47%
16.Montreal
39%
19.Mumbai
30%
13.Edinburgh
11%

Score Distribution

Percentile by Number Answered

Percent of People with Each Score

Your Score History

You have not taken this quiz